[Event "Bremen-ch op"]
[Site "Bremen"]
[Date "2015.04.04"]
[Round "9"]
[White "Kollars, Michael"]
[Black "Zhong, Xianghui"]
[Result "1/2-1/2"]
[WhiteElo "1632"]
[BlackElo "1817"]
[PlyCount "73"]
[EventDate "2015.03.28"]
[EventType "swiss"]
[EventRounds "9"]
[EventCountry "GER"]
[SourceTitle "EXT 2018"]
[Source "ChessBase"]
[SourceDate "2017.10.13"]
[SourceVersion "1"]
[SourceVersionDate "2017.10.13"]
[SourceQuality "1"]

1. e4 c5 2. Nc3 g6 3. g3 Nc6 4. Bg2 Bg7 5. d3 d6 6. Nge2 Nf6 7. h3 0-0 8. Be3 Qa5 9. 0-0 b5 10. e5 Nxe5 11. Bxa8 Bxh3 12. Bg2 Bxg2 13. Kxg2 Qb4 14. d4 Nc4 15. a3 Qa5 16. b4 Qc7 17. d5 Ng4 18. Qd3 Nge5 19. Qe4 f5 20. Qh4 Nxe3+ 21. fxe3 Bf6 22. Qf4 cxb4 23. Qxb4 Ng4 24. Rf3 Rc8 25. e4 a5 26. Qb3 fxe4 27. Rxf6 Nxf6 28. Qxb5 Rb8 29. Qc6 Qa7 30. Qc4 Qe3 31. Rf1 h5 32. Qc7 Re8 33. Qc4 Kg7 34. Qd4 Qxd4 35. Nxd4 Rc8 36. Nce2 Nxd5 37. Rc1 1/2-1/2

[Event "Bremen-ch op"]
[Site "Bremen"]
[Date "2015.04.02"]
[Round "7"]
[White "Quass, Michael"]
[Black "Kollars, Michael"]
[Result "1/2-1/2"]
[WhiteElo "1779"]
[BlackElo "1632"]
[PlyCount "60"]
[EventDate "2015.03.28"]
[EventType "swiss"]
[EventRounds "9"]
[EventCountry "GER"]
[SourceTitle "EXT 2018"]
[Source "ChessBase"]
[SourceDate "2017.10.13"]
[SourceVersion "1"]
[SourceVersionDate "2017.10.13"]
[SourceQuality "1"]

1. Nf3 b6 2. g3 Bb7 3. Bg2 e5 4. c4 g6 5. d3 Bg7 6. Nc3 d6 7. 0-0 Ne7 8. e4 Na6 9. Be3 0-0 10. Qd2 Nc5 11. Ng5 Ne6 12. Bh3 Nd4 13. f4 Bc8 14. Bxc8 Qxc8 15. Nd5 Nxd5 16. cxd5 f6 17. Nf3 Nxf3+ 18. Rxf3 c5 19. dxc6 Qxc6 20. Rc1 Qb7 21. Qb4 d5 22. Qb3 Rfd8 23. Rc5 Qf7 24. Rxd5 Rxd5 25. exd5 f5 26. fxe5 Bxe5 27. Bg5 Kg7 28. Bf4 Bd4+ 29. Be3 Qf6 30. Bxd4 Qxd4+ 1/2-1/2

[Event "Bremen-ch op"]
[Site "Bremen"]
[Date "2015.03.29"]
[Round "2"]
[White "Bilek, Sadat"]
[Black "Kollars, Michael"]
[Result "0-1"]
[WhiteElo "1000"]
[BlackElo "1632"]
[PlyCount "92"]
[EventDate "2015.03.28"]
[EventType "swiss"]
[EventRounds "9"]
[EventCountry "GER"]
[SourceTitle "EXT 2018"]
[Source "ChessBase"]
[SourceDate "2017.10.13"]
[SourceVersion "1"]
[SourceVersionDate "2017.10.13"]
[SourceQuality "1"]

1. Nc3 Nf6 2. d4 d6 3. Bg5 g6 4. e4 h6 5. Bxf6 exf6 6. Qf3 Bg7 7. 0-0-0 Nc6 8. Bb5 Bd7 9. d5 Ne5 10. Qe3 a6 11. Bxd7+ Qxd7 12. Nge2 0-0-0 13. f4 Nc4 14. Qa7 Nb6 15. b3 Qe8 16. Rd4 f5 17. Rb4 Kd7 18. Na4 Nxa4 19. Rxa4 Rb8 20. Nc3 Bxc3 21. Rd1 fxe4 22. Qe3 Bf6 23. Rxe4 Qd8 24. Re1 Re8 25. Qh3+ Re6 26. dxe6+ fxe6 27. Qxe6+ Kc6 28. Rc4+ Kb6 29. Qe3+ c5 30. b4 Bd4 31. bxc5+ Bxc5 32. Qb3+ Ka7 33. Re6 Qg8 34. Qg3 Qxe6 35. Qh4 Qxc4 36. Qxh6 Qf1+ 37. Kb2 Qxg2 38. h4 Bd4+ 39. Kc1 Qf1+ 40. Kd2 Qf2+ 41. Kd3 Qe3+ 42. Kc4 Rc8+ 43. Kd5 Rc5+ 44. Kxd6 Rc6+ 45. Kd7 Qe6+ 46. Kd8 Rc8# 0-1

[Event "Hamburg St Pauli op-B"]
[Site "Hamburg"]
[Date "2013.07.07"]
[Round "2"]
[White "Trumpa, Jan"]
[Black "Kollars, Michael"]
[Result "1-0"]
[WhiteElo "1810"]
[BlackElo "1624"]
[PlyCount "85"]
[EventDate "2013.07.06"]
[EventType "swiss"]
[EventRounds "9"]
[EventCountry "GER"]
[SourceTitle "EXT 2014"]
[Source "ChessBase"]
[SourceDate "2013.11.20"]
[SourceVersion "1"]
[SourceVersionDate "2013.11.20"]
[SourceQuality "1"]

1. c4 e5 2. Nc3 Nf6 3. g3 Nc6 4. Bg2 g6 5. d3 Bg7 6. Nf3 0-0 7. 0-0 d6 8. Bg5 h6 9. Bd2 Be6 10. e4 Qd7 11. Qc1 Kh7 12. Nd5 Ng8 13. Nh4 Nd4 14. Kh1 c6 15. Nc3 Bh3 16. Be3 Bxg2+ 17. Kxg2 Ne6 18. Ne2 Ne7 19. Rb1 f5 20. exf5 Nxf5 21. Nxf5 Rxf5 22. b4 a6 23. Ng1 b5 24. Nf3 Raf8 25. Nh4 R5f6 26. Kg1 g5 27. Ng2 c5 28. a3 Rc8 29. bxc5 dxc5 30. cxb5 axb5 31. Qb2 Qxd3 32. Qxe5 Qxa3 33. Qe4+ Kh8 34. Rxb5 Qa6 35. Rfb1 Qc6 36. Qc4 Rff8 37. Rb6 Qe8 38. Rxe6 Qf7 39. Re4 Qf5 40. Rf1 Qf3 41. h4 Qf5 42. hxg5 hxg5 43. Nh4 1-0

[Event "Bremen-ch op"]
[Site "Bremen"]
[Date "2012.04.02"]
[Round "4"]
[White "Lange, Martin"]
[Black "Kollars, Michael"]
[Result "1-0"]
[WhiteElo "1827"]
[BlackElo "1584"]
[PlyCount "51"]
[EventDate "2012.03.31"]
[EventType "swiss"]
[EventRounds "9"]
[EventCountry "GER"]
[SourceTitle "EXT 2022"]
[Source "ChessBase"]
[SourceDate "2021.10.06"]
[SourceVersion "1"]
[SourceVersionDate "2021.10.06"]
[SourceQuality "1"]

1. e4 Nc6 2. d4 e5 3. Nf3 exd4 4. Nxd4 Nf6 5. Nxc6 bxc6 6. Qd4 Bb7 7. Bg5 h6 8. Bxf6 gxf6 9. Nc3 c5 10. Qc4 Be7 11. Be2 a5 12. Bh5 Rf8 13. 0-0-0 c6 14. Qd3 Ba6 15. Qh3 Bc4 16. Bg4 f5 17. exf5 Bg5+ 18. Kb1 Rg8 19. Rhe1+ Kf8 20. Ne4 Rb8 21. Nd6 Rxb2+ 22. Kxb2 Qb6+ 23. Ka1 Bf6+ 24. c3 Be6 25. Rb1 Qc7 26. Ne4 1-0

[Event "Niedersachsen-ch op"]
[Site "Verden"]
[Date "2011.01.04"]
[Round "5"]
[White "Luebsen, Keno"]
[Black "Kollars, Michael"]
[Result "1-0"]
[WhiteElo "1761"]
[BlackElo "1612"]
[PlyCount "51"]
[EventDate "2011.01.02"]
[EventType "swiss"]
[EventRounds "7"]
[EventCountry "GER"]
[SourceTitle "EXT 2018"]
[Source "ChessBase"]
[SourceDate "2017.10.13"]
[SourceVersion "1"]
[SourceVersionDate "2017.10.13"]
[SourceQuality "1"]

1. d4 Nf6 2. Nf3 d6 3. Nc3 g6 4. e4 Bg7 5. Be3 a6 6. Qd2 0-0 7. Bh6 c5 8. Bxg7 Kxg7 9. d5 e6 10. dxe6 Qe7 11. 0-0-0 Bxe6 12. Qxd6 Qxd6 13. Rxd6 Nc6 14. Ng5 Nd4 15. Ne2 Rad8 16. Nxd4 Rxd6 17. Ndxe6+ Rxe6 18. Nxe6+ fxe6 19. f3 e5 20. a4 a5 21. Bb5 Nh5 22. Rd1 Nf4 23. Rd7+ Rf7 24. Rxf7+ Kxf7 25. g3 Ne2+ 26. Bxe2 1-0

[Event "Niedersachsen-ch open"]
[Site "Verden"]
[Date "2010.01.04"]
[Round "3.34"]
[White "Jacobi, Felix Hagen"]
[Black "Kollars, Michael"]
[Result "1-0"]
[WhiteElo "1901"]
[BlackElo "1530"]
[PlyCount "127"]
[EventDate "2010.01.03"]
[EventType "swiss"]
[EventRounds "7"]
[EventCountry "GER"]
[SourceTitle "EXT 2012"]
[Source "ChessBase"]
[SourceDate "2011.11.24"]
[SourceVersion "1"]
[SourceVersionDate "2011.11.24"]
[SourceQuality "1"]

1. e4 c5 2. f4 d6 3. Nf3 Nf6 4. d3 g6 5. c3 Bg7 6. Be3 Nc6 7. Nbd2 Ng4 8. Bg1 e5 9. h3 Nh6 10. fxe5 Nxe5 11. Be3 f5 12. Qb3 Qe7 13. Bg5 Qe6 14. 0-0-0 Qxb3 15. Nxb3 Nhf7 16. Be3 a5 17. exf5 Nxf3 18. fxg6 hxg6 19. gxf3 a4 20. Nd2 a3 21. d4 axb2+ 22. Kxb2 Be6 23. a3 b6 24. Ne4 0-0 25. Rg1 Kh7 26. Bd3 Bf5 27. Bc4 Rad8 28. Bxf7 Bxe4 29. fxe4 Rxf7 30. dxc5 bxc5 31. Bxc5 Rb8+ 32. Bb4 Rf2+ 33. Kb3 Rf3 34. Kc4 Rc8+ 35. Kd5 Bxc3 36. Bxd6 Rd8 37. Kc6 Rf6 38. Rd5 Re6 39. Rg3 Be5 40. Rgd3 Bxd6 41. Rxd6 Rdxd6+ 42. Rxd6 Rxe4 43. Rd3 Kh6 44. Kb5 Re5+ 45. Kc4 Re4+ 46. Kb3 Re1 47. a4 Ra1 48. Kb4 Rb1+ 49. Rb3 Ra1 50. a5 Kh5 51. Ra3 Rb1+ 52. Kc4 Rc1+ 53. Kd5 Rd1+ 54. Kc6 Rc1+ 55. Kd5 Rd1+ 56. Ke4 Kh4 57. a6 Re1+ 58. Kd5 Rd1+ 59. Ke6 Re1+ 60. Kf6 Rf1+ 61. Kxg6 Rf3 62. Ra4+ Kxh3 63. a7 Rg3+ 64. Kh7 1-0

[Event "Niedersachsen-ch open"]
[Site "Verden"]
[Date "2010.01.04"]
[Round "4.68"]
[White "Kollars, Michael"]
[Black "Mai, Robin Jannis"]
[Result "1/2-1/2"]
[WhiteElo "1530"]
[BlackElo "1152"]
[PlyCount "91"]
[EventDate "2010.01.03"]
[EventType "swiss"]
[EventRounds "7"]
[EventCountry "GER"]
[SourceTitle "EXT 2012"]
[Source "ChessBase"]
[SourceDate "2011.11.24"]
[SourceVersion "1"]
[SourceVersionDate "2011.11.24"]
[SourceQuality "1"]

1. e4 d5 2. exd5 Qxd5 3. Nc3 Qd6 4. Nf3 Nf6 5. d4 Bf5 6. g3 a6 7. Bf4 Qb6 8. b3 e6 9. a3 Nc6 10. Na4 Qa5+ 11. Bd2 Qd5 12. Nc3 Qd7 13. Be3 0-0-0 14. Bg2 Bg4 15. Ne2 g6 16. h3 Bxf3 17. Bxf3 Bg7 18. Bg2 h6 19. 0-0 g5 20. c3 Nh7 21. b4 f5 22. a4 e5 23. b5 Nb8 24. bxa6 Nxa6 25. Qb3 e4 26. Rab1 b6 27. Qc4 Nb8 28. Rxb6 Qd5 29. Qxd5 Rxd5 30. Rb3 Ra5 31. Rfb1 Na6 32. f3 Nf6 33. Bd2 Rxa4 34. g4 fxg4 35. hxg4 Re8 36. fxe4 Nxe4 37. Be1 Ra2 38. R3b2 Rxb2 39. Rxb2 Kd7 40. Kh2 Nd6 41. Bg3 Nc4 42. Ra2 Ne3 43. Bf3 Nb8 44. Ra1 Bf8 45. Kh3 Nc4 46. Ng1 1/2-1/2